| 000 | 00570cam a22002053a 4500 | ||
|---|---|---|---|
| 001 | 38984 | ||
| 003 | PGUSA | ||
| 005 | 20140828083848.0 | ||
| 008 | 120226s2012||||xxu|||||s|||||000 | eng d | ||
| 040 |
_aPGUSA _beng |
||
| 042 | _adc | ||
| 100 | 1 | _aAbney, W. de W. | |
| 245 | 1 | 0 |
_aColour Measurement and Mixture _h[electronic resource] / _cW. de W. Abney |
| 260 |
_bProject Gutenberg, _c2012 |
||
| 506 | _aPublic domain in the USA. | ||
| 516 | _aElectronic text | ||
| 830 | 0 |
_aProject Gutenberg _v38984 |
|
| 856 | 4 | 0 | _uhttp://www.gutenberg.org/ebooks/38984 |
| 942 | _cEB | ||
| 999 |
_c268237 _d268237 |
||